[Event "Heusenstamm Schloss op"]
[Site "Heusenstamm"]
[Date "2022.11.19"]
[Round "4"]
[White "Trenz, Finn"]
[Black "Baeumer, Frank"]
[Result "1/2-1/2"]
[WhiteElo "1678"]
[BlackElo "1914"]
[PlyCount "58"]
[EventDate "2022.11.17"]
[EventType "swiss"]
[EventRounds "7"]
[EventCountry "GER"]
[SourceTitle "CBM 212 Extra"]
[Source "ChessBase"]
[SourceDate "2023.03.31"]
[SourceVersion "1"]
[SourceVersionDate "2023.03.31"]
[SourceQuality "1"]

1. e4 e5 2. Nf3 Nc6 3. Bc4 Bc5 4. c3 Qe7 5. d3 h6 6. Nbd2 d6 7. a4 a6 8. Nf1 Qf6 9. Be3 Nge7 10. b4 Ba7 11. Bxa7 Rxa7 12. Ne3 Nd8 13. 0-0 Ne6 14. d4 Nf4 15. Ra2 Be6 16. dxe5 dxe5 17. Bxe6 Qxe6 18. Rd2 0-0 19. Nh4 g6 20. Qg4 h5 21. Qxe6 Nxe6 22. Nf3 f6 23. Rd7 Rf7 24. Rfd1 b5 25. a5 Nc8 26. g4 hxg4 27. Nxg4 Kg7 28. Rxf7+ Kxf7 29. Rd7+ Ne7 1/2-1/2

[Event "Heusenstamm Sparkassen op-B 6th"]
[Site "Heusenstamm"]
[Date "2019.11.23"]
[Round "4"]
[White "Lietz, Helmuth"]
[Black "Trenz, Finn"]
[Result "1-0"]
[WhiteElo "1519"]
[BlackElo "1358"]
[PlyCount "101"]
[EventDate "2019.11.21"]
[EventType "swiss"]
[EventRounds "7"]
[EventCountry "GER"]
[SourceTitle "CBM 194 Extra"]
[Source "ChessBase"]
[SourceDate "2020.03.31"]
[SourceVersion "1"]
[SourceVersionDate "2020.03.31"]
[SourceQuality "1"]

1. d4 d5 2. Nc3 Bf5 3. Bf4 e6 4. a3 c5 5. dxc5 Bxc5 6. e3 Nc6 7. Nf3 Nf6 8. Bd3 Bg4 9. h3 Bxf3 10. Qxf3 e5 11. Bg5 e4 12. Bxf6 gxf6 13. Bxe4 dxe4 14. Qxe4+ Qe7 15. Qf5 Qe5 16. Qg4 Qg5 17. Qe4+ Kf8 18. 0-0-0 Rd8 19. Rxd8+ Nxd8 20. Rd1 Nc6 21. Rd5 Bxe3+ 22. fxe3 Qg6 23. g4 Qxe4 24. Nxe4 Ke7 25. Kd2 Ke6 26. c4 Rd8 27. Nc5+ Ke7 28. Nxb7 Rxd5+ 29. cxd5 Ne5 30. b3 Kd7 31. e4 Nf3+ 32. Ke3 Ne5 33. Nc5+ Kd6 34. Nd3 Nd7 35. a4 a5 36. Kd4 Nb6 37. Nb2 h6 38. Nc4+ Nxc4 39. bxc4 f5 40. gxf5 f6 41. c5+ Kc7 42. Kc4 h5 43. Kb5 h4 44. Kxa5 Kb7 45. Kb5 Kc7 46. a5 Kb7 47. d6 Kc8 48. Kc6 Kd8 49. a6 Kc8 50. a7 Kd8 51. a8Q# 1-0

[Event "Bad Soden U14 op"]
[Site "Bad Soden"]
[Date "2019.10.06"]
[Round "8"]
[White "Bernig Le Duigou, Vincent"]
[Black "Trenz, Finn"]
[Result "1/2-1/2"]
[WhiteElo "1222"]
[BlackElo "1471"]
[PlyCount "72"]
[EventDate "2019.10.03"]
[EventType "swiss"]
[EventRounds "9"]
[EventCountry "GER"]
[SourceTitle "CBM 192 Extra"]
[Source "Chessbase"]
[SourceDate "2019.11.06"]
[SourceVersion "1"]
[SourceVersionDate "2019.11.06"]
[SourceQuality "1"]

1. e4 e5 2. Nf3 Nc6 3. Bc4 Bc5 4. c3 Nf6 5. d3 d6 6. b4 Bb6 7. a4 a5 8. b5 Ne7 9. Bg5 Ng6 10. 0-0 0-0 11. h3 Be6 12. Bxe6 fxe6 13. Re1 Qd7 14. Nbd2 Rae8 15. Nc4 Bc5 16. Nxa5 b6 17. Nb3 d5 18. Nxc5 bxc5 19. c4 dxe4 20. dxe4 Qxd1 21. Raxd1 Ra8 22. Ra1 Rfd8 23. Bxf6 gxf6 24. Re3 Nf4 25. Ne1 Rd4 26. f3 Rxc4 27. Rea3 Ra5 28. Kf2 Kf7 29. R1a2 Rd4 30. Ke3 Ke7 31. h4 h5 32. g3 Ng6 33. Nc2 Rd6 34. Rd3 Rxd3+ 35. Kxd3 Kd6 36. Ne3 Kd7 1/2-1/2

[Event "Bad Soden U10 op 5th"]
[Site "Bad Soden"]
[Date "2018.10.01"]
[Round "5"]
[White "Trenz, Finn"]
[Black "Fischer, Juliane"]
[Result "1-0"]
[WhiteElo "1023"]
[BlackElo "899"]
[PlyCount "121"]
[EventDate "2018.09.30"]
[EventType "swiss"]
[EventRounds "9"]
[EventCountry "GER"]
[SourceTitle "EXT 2020"]
[Source "ChessBase"]
[SourceDate "2019.10.17"]
[SourceVersion "1"]
[SourceVersionDate "2019.10.17"]
[SourceQuality "1"]

1. e4 e5 2. Nf3 Nc6 3. Bc4 Bc5 4. Nc3 d6 5. d3 Bg4 6. Bg5 Qd7 7. Nd5 Nge7 8. c3 h6 9. Nxe7 Nxe7 10. Bxe7 Qxe7 11. h3 Bh5 12. d4 exd4 13. cxd4 Bb4+ 14. Kf1 Qxe4 15. Qa4+ Qc6 16. Qxb4 0-0 17. Qc3 Rfe8 18. d5 Qc5 19. b4 Qb6 20. a4 a6 21. a5 Qa7 22. b5 Re7 23. Qd4 Qxd4 24. Nxd4 Re4 25. Be2 Bxe2+ 26. Nxe2 Rae8 27. Nc3 Rc4 28. Rc1 Re5 29. g3 Rxd5 30. Kg2 Rdc5 31. Ne2 Rxc1 32. Rxc1 Rxb5 33. Rxc7 Rxa5 34. Rxb7 Ra2 35. Nc3 Rc2 36. Nd5 Rc8 37. Ne7+ Kh7 38. Nxc8 Kg6 39. Nxd6 a5 40. Rxf7 a4 41. Ra7 Kh5 42. Rxa4 g6 43. Rh4+ Kg5 44. Ne4+ Kf5 45. f3 g5 46. Rxh6 Ke5 47. Rf6 Kd4 48. h4 Ke3 49. hxg5 Ke2 50. Nc3+ Kd3 51. Kf2 Kxc3 52. Ke3 Kc4 53. Ke4 Kc3 54. Rd6 Kc4 55. Rc6+ Kb5 56. Kd5 Kb4 57. Rc7 Kb5 58. Rb7+ Ka6 59. Kc6 Ka5 60. Rb8 Ka6 61. Ra8# 1-0